中小私鉄、第三セクターの有料特急停車駅 - Statistics

General Stats
  • This quiz has been taken 187 times
  • The average score is 31 of 66
Answer Stats
Answer % Correct
智頭
80%
佐用
77%
上郡
74%
鈴鹿
65%
会津田島
64%
64%
天橋立
64%
宮津
62%
長野
61%
大原
61%
伊豆急下田
60%
新藤原
59%
会津高原尾瀬口
58%
伊東
58%
湯田中
58%
福知山
58%
上越妙高
57%
伊豆高原
56%
直江津
56%
河津
55%
伊豆熱川
53%
伊豆稲取
53%
信州中野
53%
富士山
52%
新井
52%
高田
52%
河口湖
51%
中村
51%
宿毛
51%
富士急ハイランド
50%
須坂
50%
大月
48%
都留文科大学前
47%
窪川
47%
上三依塩原温泉口
45%
津幡
45%
金沢
45%
中三依温泉
44%
市役所前
44%
春日山
44%
久美浜
44%
権堂
42%
小布施
42%
大江
42%
箱根湯本
41%
湯西川温泉
40%
下吉田
38%
夕日ヶ浦木津温泉
38%
川治温泉
37%
龍王峡
35%
小田原
35%
網野
35%
川治湯元
34%
宇奈月温泉
34%
与謝野
34%
京丹後大宮
34%
平田
34%
土佐佐賀
33%
朝陽
31%
新黒部
31%
電鉄黒部
28%
土佐上川口
27%
信濃吉田
26%
峰山
26%
土佐入野
25%
本郷
24%
No matching quizzes found
Score Distribution
Percent of People with Each Score
Percentile by Number Answered
Your Score History
You have not taken this quiz